[Event "Golden Cleopatra Open"]
[Site "Cairo EGY"]
[Date "2001.05.05"]
[Round "4"]
[White "Chahrani,I"]
[Black "Mahdi,K"]
[Result "1/2-1/2"]
[WhiteElo "2358"]
[BlackElo "2354"]
[EventDate "2001.05.02"]

1. e4 e5 2. Nf3 Nc6 3. Bb5 a6 4. Ba4 Nf6 5. O-O Be7 6. Re1 b5 7. Bb3 d6 8.
c3 O-O 9. d4 Bg4 10. d5 Na5 11. Bc2 c6 12. dxc6 Nxc6 13. h3 Bh5 14. Bg5
Bxf3 15. Qxf3 Ne8 16. Be3 Bg5 17. Bxg5 Qxg5 18. Rd1 Rc8 19. Bb3 Na5 20. Na3
Kh8 21. Nc2 Nc4 22. Bxc4 bxc4 23. Ne3 Qd8 24. Rd2 Rc6 25. Rad1 g6 26. Qe2
Qc8 27. Nd5 Rc5 28. b4 cxb3 29. axb3 Qb7 30. b4 Rc6 31. c4 Nc7 32. b5 axb5
33. Nxc7 Qxc7 34. cxb5 Rb6 35. Rd5 Kg7 36. Qd3 Rfb8 1/2-1/2

[Event "Golden Cleopatra Open"]
[Site "Cairo EGY"]
[Date "2001.05.05"]
[Round "4"]
[White "Omearat,A"]
[Black "El Arousy,A"]
[Result "1/2-1/2"]
[WhiteElo "2226"]
[BlackElo "2370"]
[EventDate "2001.05.02"]

1. d4 d5 2. Nf3 Nf6 3. c4 c6 4. Nc3 dxc4 5. a4 Bf5 6. Nh4 Bc8 7. Nf3 Bf5 8.
Nh4 e6 9. Nxf5 exf5 10. e3 Nbd7 11. Bxc4 Nb6 12. Bd3 g6 13. a5 Nbd5 14. Qb3
Bb4 15. O-O O-O 16. Nxd5 Nxd5 17. Bc4 Bxa5 18. Qxb7 Qb6 19. Qa6 Bb4 20. Rd1
Rfc8 21. Qxb6 axb6 22. Rxa8 Rxa8 23. Kf1 1/2-1/2

[Event "Golden Cleopatra Open"]
[Site "Cairo EGY"]
[Date "2001.05.05"]
[Round "4"]
[White "Tissir,M"]
[Black "Elgabry,M"]
[Result "1-0"]
[WhiteElo "2352"]
[BlackElo "2328"]
[EventDate "2001.05.02"]

1. e4 c5 2. Nf3 d6 3. d4 cxd4 4. Nxd4 Nf6 5. Nc3 g6 6. Be3 Bg7 7. f3 Nc6 8.
Qd2 Bd7 9. O-O-O O-O 10. g4 Nxd4 11. Bxd4 Qa5 12. Kb1 e5 13. Be3 Be6 14. a3
Rfc8 15. g5 Ne8 16. Nb5 Qa4 17. Nc3 Qa5 18. Nd5 Qd8 19. h4 Nc7 20. Bc4 Nxd5
21. Bxd5 Bxd5 22. Qxd5 Rc6 23. h5 Qc7 24. hxg6 hxg6 25. Rh2 Rc8 26. c3 b5
27. f4 exf4 28. Bd4 Rc5 29. Rdh1 Kf8 30. Bf6 Ke8 31. Qd4 Bxf6 32. Qxf6 Qe7
33. Qxf4 Qe6 34. Rh7 Ke7 35. Rf1 Rf8 36. Ka1 a5 37. Qf3 Re5 38. Qe3 Qd7 39.
Qf2 Ke8 40. Qb6 b4 41. Rf6 Rb5 42. Qd4 bxc3 43. Rxd6 cxb2+ 44. Kb1 Qc7 45.
Rh1 Rc5 46. Kxb2 Rb5+ 47. Ka2 Rg8 48. Rc1 Qb8 49. Rd1 1-0

[Event "Golden Cleopatra Open"]
[Site "Cairo EGY"]
[Date "2001.05.05"]
[Round "4"]
[White "Himdan,M"]
[Black "Ezat,M"]
[Result "1/2-1/2"]
[WhiteElo "2348"]
[BlackElo "2332"]
[EventDate "2001.05.02"]

1. e4 c6 2. d4 d5 3. Nd2 dxe4 4. Nxe4 Nd7 5. Ng5 Ngf6 6. Bd3 e6 7. N1f3 Bd6
8. Qe2 h6 9. Ne4 Nxe4 10. Qxe4 Qc7 11. Bd2 b6 12. Qg4 g5 13. Qh3 Rg8 14. g4
Bf8 15. O-O-O Bb7 16. Rhe1 Bg7 17. Kb1 O-O-O 1/2-1/2

[Event "Golden Cleopatra Open"]
[Site "Cairo EGY"]
[Date "2001.05.05"]
[Round "4"]
[White "Georg,Ma"]
[Black "Amin,B"]
[Result "1/2-1/2"]
[WhiteElo "2277"]
[BlackElo "2133"]
[EventDate "2001.05.02"]

1. d4 d5 2. Nf3 Nf6 3. e3 e6 4. Bd3 Bd6 5. b3 b6 6. Bb2 Bb7 7. Nbd2 Nbd7 8.
O-O O-O 9. Qe2 c5 10. c4 Ne4 11. Ne5 f5 12. f3 Nxd2 13. Qxd2 Nxe5 14. dxe5
Be7 15. Rad1 1/2-1/2

[Event "Golden Cleopatra Open"]
[Site "Cairo EGY"]
[Date "2001.05.05"]
[Round "4"]
[White "Abdel Aziem,R"]
[Black "Sameeh,H"]
[Result "1-0"]
[WhiteElo "2269"]
[BlackElo "2313"]
[EventDate "2001.05.02"]

1. e4 c5 2. Nf3 Nc6 3. d4 cxd4 4. Nxd4 Nf6 5. Nc3 d6 6. Be3 e5 7. Ndb5 a6
8. Na3 b5 9. Nd5 Nxd5 10. Qxd5 Bb7 11. Be2 Be7 12. O-O O-O 13. Rfd1 Qc7 14.
Qd2 Rad8 15. c4 b4 16. Nc2 a5 17. Bd3 Nb8 18. b3 Na6 19. f3 Nc5 20. Ne1 Bc8
21. Qf2 Be6 22. Bc2 f6 23. Nd3 Rb8 24. Rd2 g6 25. Rad1 Rf7 26. Kh1 Kh8 27.
Qg3 Rg8 28. h3 Bf8 29. Nxc5 dxc5 30. Rd8 Be7 31. Rxg8+ Kxg8 32. f4 exf4 33.
Bxf4 Qc8 34. Bd6 a4 35. e5 axb3 36. axb3 fxe5 37. Bxe5 Bf5 38. Bxf5 Qxf5
39. Rd3 Qf2 40. Qxf2 Rxf2 41. Kg1 Re2 42. Bf4 Kf7 43. Bd2 h5 44. Kf1 Re6
45. Be3 Re5 46. Kf2 g5 47. Kf3 Kf6 48. g4 hxg4+ 49. hxg4 Kf7 50. Rd7 Ke6
51. Ra7 Bd6 52. Bf2 Kf6 53. Ra6 Re6 54. Rc6 Bf8 55. Rc8 Be7 56. Bxc5 Bxc5
57. Rxc5 Re1 58. Rb5 Rf1+ 59. Kg2 Rf4 60. Kg3 Rd4 61. Rxb4 Rd3+ 62. Kf2 Ke5
63. c5 Kd5 64. Rc4 Rxb3 65. c6 Rb8 66. Rc2 Ke4 67. c7 Rc8 68. Rc1 Kd3 69.
Kf3 Rf8+ 70. Kg3 Rc8 71. Rd1+ Ke2 72. Rd7 Kf1 73. Kf3 Kg1 74. Rd1+ Kh2 75.
Rc1 Rf8+ 76. Ke4 Kg3 77. c8=Q Rxc8 78. Rxc8 Kxg4 79. Rg8 1-0

[Event "Golden Cleopatra Open"]
[Site "Cairo EGY"]
[Date "2001.05.05"]
[Round "4"]
[White "Roeder,M"]
[Black "Hassan,Say"]
[Result "1-0"]
[WhiteElo "2459"]
[BlackElo "2363"]
[EventDate "2001.05.02"]

1. e4 e6 2. d4 d5 3. exd5 exd5 4. Nf3 Bg4 5. h3 Bh5 6. Qe2+ Qe7 7. Be3 Nc6
8. Nc3 O-O-O 9. O-O-O f6 10. g4 Bg6 11. Nh4 Bf7 12. a3 a6 13. Nf5 Qd7 14.
Bf4 g6 15. Ne3 f5 16. Bg2 Nf6 17. Be5 Nxe5 18. dxe5 Ne4 19. Nexd5 Bh6+ 20.
Kb1 Nxc3+ 21. Nxc3 Qe7 22. gxf5 gxf5 23. Qf3 c6 24. Qxf5+ Be6 25. Qh5 Qg7
26. Bf3 Bf4 27. Rde1 Kb8 28. Rhg1 Qc7 29. Ne4 Qa5 30. Nd6 Rd7 31. Bg4 Rhd8
32. Bxe6 Rxd6 33. Qf5 Rd4 34. c3 Bd2 35. cxd4 Bxe1 36. Rg8 Rxg8 37. Bxg8
Qd2 38. e6 Bxf2 39. e7 Qe1+ 40. Ka2 Bxd4 41. Qf8+ 1-0

[Event "Golden Cleopatra Open"]
[Site "Cairo EGY"]
[Date "2001.05.06"]
[Round "5"]
[White "Velicka,P"]
[Black "Sermek,D"]
[Result "1/2-1/2"]
[WhiteElo "2451"]
[BlackElo "2525"]
[EventDate "2001.05.02"]

1. Nf3 Nc6 2. e4 e5 3. Bb5 a6 4. Ba4 Nf6 5. O-O Be7 6. Re1 b5 7. Bb3 O-O 8.
c3 d5 9. exd5 Nxd5 10. Nxe5 Nxe5 11. Rxe5 c6 12. d4 Bd6 13. Re1 1/2-1/2

[Event "Golden Cleopatra Open"]
[Site "Cairo EGY"]
[Date "2001.05.06"]
[Round "5"]
[White "Barsov,A"]
[Black "Mirzoev,A"]
[Result "1/2-1/2"]
[WhiteElo "2519"]
[BlackElo "2488"]
[EventDate "2001.05.02"]

1. d4 d5 2. c4 e6 3. Nc3 Nf6 4. cxd5 exd5 5. Bg5 Be7 6. e3 c6 7. Qc2 O-O 8.
Bd3 Nbd7 9. Nf3 Re8 10. O-O Nf8 11. h3 Ne4 12. Bf4 Ng5 13. Bxg5 Bxg5 14. b4
Qf6 15. Ne5 Qd6 16. b5 c5 17. Nf3 Be7 18. e4 cxd4 19. Nxd5 Be6 20. Nxd4
Bxd5 21. Nf5 Qd8 22. exd5 Qxd5 23. Be4 Qxb5 24. Rab1 Qc5 25. Rxb7 Qxc2 26.
Bxc2 Bc5 27. Bb3 Ne6 28. Rd1 Rad8 29. Rxd8 Nxd8 30. Rd7 Kf8 31. Nd6 Bxd6
32. Rxd6 Ne6 33. Ra6 Re7 34. Bxe6 fxe6 35. f4 h5 36. Kf2 Kf7 37. g4 hxg4
38. hxg4 g5 39. Kf3 gxf4 40. Kxf4 Kf6 41. a4 Rf7 42. a5 Kg6+ 43. Ke5 Kg5
44. Rc6 Kxg4 45. Kxe6 Rh7 46. Kd6 Kf5 47. Rc5+ Ke4 48. Rg5 Kf4 49. Rb5 Ke4
50. Rb4+ Kf5 51. Kc6 Ke5 52. Rb5+ Kd4 53. Rb4+ Ke5 54. Rb5+ Kd4 55. a6 Kc4
56. Rb1 Rg7 57. Rb8 Rh7 58. Rg8 Kb4 1/2-1/2

[Event "Golden Cleopatra Open"]
[Site "Cairo EGY"]
[Date "2001.05.06"]
[Round "5"]
[White "Medvegy,Z"]
[Black "Khamrakulov,I"]
[Result "1/2-1/2"]
[WhiteElo "2444"]
[BlackElo "2451"]
[EventDate "2001.05.02"]

1. e4 c5 2. Nf3 e6 3. d4 cxd4 4. Nxd4 Qb6 5. Nb3 Nf6 6. Bd3 d5 7. e5 Nfd7
8. Qe2 Nc6 9. f4 Nc5 10. Be3 Nxd3+ 11. Qxd3 Nb4 12. Bxb6 Nxd3+ 13. cxd3
axb6 14. Nc3 Bd7 15. Kd2 Be7 16. Nd4 O-O 17. a3 f6 18. Nf3 Bc6 19. Ne2 fxe5
20. Nxe5 b5 21. Rac1 Ra6 22. Ke3 g5 23. d4 b4 24. axb4 Rb6 25. g3 Rxb4 26.
Nxc6 Rb3+ 27. Rc3 Rxc3+ 28. bxc3 bxc6 29. Rb1 c5 30. Rb7 Re8 31. Rc7 cxd4+
32. Nxd4 gxf4+ 33. gxf4 e5 34. Nf5 exf4+ 35. Kxf4 Bf6 36. Nh6+ Kh8 37. Kf5
Bg7 38. Nf7+ Kg8 39. Nd6 Re5+ 40. Kf4 Re6 41. Rc8+ Bf8 42. Nf5 1/2-1/2

[Event "Golden Cleopatra Open"]
[Site "Cairo EGY"]
[Date "2001.05.06"]
[Round "5"]
[White "Marin,M"]
[Black "Omearat,A"]
[Result "1-0"]
[WhiteElo "2601"]
[BlackElo "2226"]
[EventDate "2001.05.02"]

1. c4 e6 2. g3 Nf6 3. Bg2 d5 4. d4 c6 5. Nf3 Nbd7 6. O-O Bd6 7. Nc3 O-O 8.
b3 Qe7 9. Bb2 Rd8 10. Qc2 dxc4 11. bxc4 e5 12. e3 Re8 13. a4 a5 14. c5 Bc7
15. Rfe1 h6 16. Rab1 Qe6 17. Re2 Qg4 18. h3 Qg6 19. Qxg6 fxg6 20. Ree1 g5
21. Nd2 Nf8 22. d5 cxd5 23. Nxd5 Nxd5 24. Bxd5+ Kh8 25. Bc3 Ra7 26. Nc4 Rd8
27. e4 Nd7 28. Rb5 Nf6 29. Bxe5 Bxe5 30. Nxe5 Kh7 31. c6 b6 32. Nf7 Rxd5
33. exd5 Rxf7 34. d6 Bxh3 35. Rxb6 Ng4 36. Rb2 Nf6 37. Rb7 Rf8 38. d7 Nxd7
39. cxd7 Rd8 40. Rd1 Bg4 41. Rd4 Bf3 42. Rb5 Kg6 43. Rxa5 Kf6 44. Rc5 Ke6
45. Rc3 Bb7 46. a5 1-0

[Event "Golden Cleopatra Open"]
[Site "Cairo EGY"]
[Date "2001.05.06"]
[Round "5"]
[White "Rausis,I"]
[Black "Fominyh,A"]
[Result "1/2-1/2"]
[WhiteElo "2500"]
[BlackElo "2571"]
[EventDate "2001.05.02"]

1. d4 Nf6 2. c4 c5 3. e3 g6 4. Nf3 Bg7 5. Be2 O-O 6. O-O cxd4 7. exd4 d5 8.
Nc3 Nc6 9. h3 dxc4 10. Bxc4 Na5 11. Be2 Be6 12. Re1 Rc8 13. Ng5 Bc4 14. Bf3
Nc6 15. Be3 Nd5 16. Nxd5 Bxd5 17. Rc1 e6 18. Ne4 Qb6 19. Nd6 Rcd8 20. Nc4
Bxc4 21. Rxc4 Bxd4 22. Qb3 Qa5 23. Rec1 Bxe3 24. Qxe3 Ne5 25. Rc5 Nxf3+ 26.
Qxf3 Qxa2 27. Qxb7 Rd2 28. Rb5 Qa4 29. Rb4 Rd1+ 30. Rxd1 Qxd1+ 31. Kh2 Qd6+
32. g3 Qc5 33. Rf4 g5 34. Rf3 a5 35. Kg2 h6 36. Rc3 Qe5 37. Re3 Qc5 38. Rc3
Qd4 39. Qb5 Qe4+ 40. Kh2 Rd8 41. Re3 Qd5 42. Qxd5 Rxd5 43. Rb3 Kg7 44. Kg2
Kg6 45. Rb6 Rd4 46. Rb5 a4 47. b3 axb3 48. Rxb3 h5 49. Rb5 h4 50. g4 Rd8
1/2-1/2

[Event "Golden Cleopatra Open"]
[Site "Cairo EGY"]
[Date "2001.05.06"]
[Round "5"]
[White "Abdel Razik,K"]
[Black "Surjadnji,A"]
[Result "1/2-1/2"]
[WhiteElo "2365"]
[BlackElo "2431"]
[EventDate "2001.05.02"]

1. d4 Nf6 2. c4 g6 3. Nc3 Bg7 4. g3 O-O 5. Bg2 d6 6. Nf3 Nbd7 7. O-O e5 8.
h3 c6 9. Be3 Re8 10. d5 c5 11. Qc1 Nh5 12. Bg5 Qb6 13. e4 Nf8 14. Ne1 f6
15. Be3 f5 16. Nd3 Qc7 17. b4 b6 18. bxc5 bxc5 19. Qa3 Bd7 20. Rab1 Rab8
21. Rxb8 Rxb8 22. Rb1 Rxb1+ 23. Nxb1 fxe4 24. Nxc5 dxc5 25. Bxc5 a5 26. Nd2
Bc8 27. Bd6 Qb6 28. c5 Qb4 29. Qxb4 axb4 30. Nxe4 Nd7 31. Bc7 Ndf6 32.
Nxf6+ Nxf6 33. Bxe5 Nd7 34. Bxg7 Kxg7 35. c6 Nb6 36. d6 Kf6 37. d7 Nxd7 38.
cxd7 Bxd7 39. Bd5 Bxh3 40. f4 Be6 41. Bxe6 Kxe6 42. Kf2 Kd5 43. Ke3 h6 44.
g4 Ke6 45. Kf3 Kf6 46. Kg3 Ke7 47. Kh4 Ke6 48. Kg3 Kd5 49. Kf3 Kd4 50. Kf2
Ke4 51. Kg3 Kd4 52. Kf2 Kd5 53. Kf3 h5 54. f5 hxg4+ 55. Kxg4 gxf5+ 56. Kxf5
Kd4 57. Ke6 Kc5 58. Ke5 Kc4 59. Kd6 Kb5 60. Kd5 Ka4 1/2-1/2

[Event "Golden Cleopatra Open"]
[Site "Cairo EGY"]
[Date "2001.05.06"]
[Round "5"]
[White "El Arousy,A"]
[Black "Tissir,M"]
[Result "1/2-1/2"]
[WhiteElo "2370"]
[BlackElo "2352"]
[EventDate "2001.05.02"]

1. d4 c5 2. d5 e6 3. c4 exd5 4. cxd5 d6 5. Nc3 Be7 6. e4 Bf6 7. Be2 Ne7 8.
Nf3 Ng6 9. O-O O-O 10. Be3 Na6 11. Nd2 Nc7 12. a4 Re8 13. Qc2 Na6 14. f4 b6
15. Kh1 Nb4 16. Qb3 Rb8 17. Rae1 Bh4 18. g3 Bf6 19. Nd1 Bb7 20. Nf2 Ne7 21.
Bf3 h5 22. Nc4 g6 23. Bd2 Bd4 24. Bxb4 cxb4 25. Qxb4 Ba6 26. b3 Bc5 27. Qc3
b5 28. axb5 Rxb5 29. Nd3 Qc7 30. e5 Reb8 31. exd6 Bxd6 32. Qf6 Nf5 33. Nxd6
Qxd6 34. Qxd6 Nxd6 35. Ra1 R5b6 36. Rfd1 Bxd3 37. Rxd3 Rxb3 38. Rxb3 Rxb3
39. Kg2 Rb2+ 40. Kg1 Rb7 41. Ra6 1/2-1/2

[Event "Golden Cleopatra Open"]
[Site "Cairo EGY"]
[Date "2001.05.06"]
[Round "5"]
[White "El Ghazali,Y"]
[Black "Chahrani,I"]
[Result "1-0"]
[WhiteElo "2343"]
[BlackElo "2358"]
[EventDate "2001.05.02"]

1. Nf3 f5 2. c4 Nf6 3. Nc3 g6 4. d3 Bg7 5. e4 d6 6. c5 dxc5 7. Be3 fxe4 8.
dxe4 Qxd1+ 9. Rxd1 c6 10. Bxc5 Bg4 11. Be2 Nbd7 12. Be3 Bxf3 13. Bxf3 e6
14. Be2 Ke7 15. O-O Rhd8 16. f4 Nb6 17. e5 Nfd5 18. Bc5+ Ke8 19. Ne4 Bf8
20. Bxf8 Kxf8 21. Nc5 Re8 22. Rd3 Re7 23. Bg4 Rae8 24. b3 Nc8 25. h4 b6 26.
Ne4 Kg7 27. h5 Rf8 28. Rdf3 h6 29. hxg6 Kxg6 30. Bxe6 Rxe6 31. f5+ Rxf5 32.
Rxf5 Nce7 33. R5f3 Rxe5 34. Rg3+ Kh7 35. Rf7+ Kh8 36. Nf6 Nxf6 37. Rxf6 Nf5
38. Rf8+ Kh7 39. Rf7+ Kh8 40. Rd3 Kg8 41. Rxa7 Ne7 42. a4 Nd5 43. Rg3+ Kf8
44. Rg6 1-0

[Event "Golden Cleopatra Open"]
[Site "Cairo EGY"]
[Date "2001.05.06"]
[Round "5"]
[White "Mahdi,K"]
[Black "Rahman,Ye"]
[Result "1/2-1/2"]
[WhiteElo "2354"]
[BlackElo "2267"]
[EventDate "2001.05.02"]

1. e4 e5 2. Nf3 Nf6 3. Nxe5 d6 4. Nf3 Nxe4 5. c4 d5 6. Nc3 Nf6 7. d4 Be7 8.
Bd3 O-O 9. h3 Nbd7 10. O-O dxc4 11. Bxc4 Nb6 12. Bb3 Nbd5 13. Re1 c6 14.
Bd2 1/2-1/2

[Event "Golden Cleopatra Open"]
[Site "Cairo EGY"]
[Date "2001.05.06"]
[Round "5"]
[White "Amin,B"]
[Black "Himdan,M"]
[Result "1/2-1/2"]
[WhiteElo "2133"]
[BlackElo "2348"]
[EventDate "2001.05.02"]

1. e4 c5 2. Nf3 d6 3. d3 Nc6 4. g3 g6 5. Bg2 Bg7 6. O-O Nf6 7. Re1 Nd7 8.
c3 O-O 9. d4 cxd4 10. cxd4 Qb6 11. d5 Nce5 12. Nc3 Nxf3+ 13. Bxf3 Ne5 14.
Be2 Bh3 15. Na4 Qb4 16. Nc3 Rac8 17. a3 Qb6 18. Na4 Qd8 19. Be3 Qd7 20. Bd4
h5 21. f4 Ng4 22. Bxg7 Kxg7 23. Bxg4 Bxg4 24. Qd4+ Kg8 25. Nc3 b5 26. a4
Rc4 27. Qd3 Rb4 28. Nxb5 Rc8 29. Nd4 Rxb2 30. Nc6 Rc7 31. Rab1 Rcb7 32.
Rxb2 Rxb2 33. e5 Qb7 34. exd6 exd6 35. Qe4 Qb6+ 36. Qd4 Qxd4+ 37. Nxd4 Rb4
38. Nb5 Rxa4 39. Nxd6 Rd4 40. Re8+ Kg7 41. Re7 Rxd5 42. Nxf7 a5 43. Ng5+
Kf8 44. Ra7 Ke8 45. Ne4 Kf8 46. Ng5 Bd7 47. Kf2 Ke7 48. Ke3 a4 49. Ne4 Rb5
50. Kd4 Rb4+ 51. Kd5 Kd8 52. Nc5 Bb5 53. Nb7+ Ke7 54. Nd6+ Bd7 1/2-1/2

[Event "Golden Cleopatra Open"]
[Site "Cairo EGY"]
[Date "2001.05.06"]
[Round "5"]
[White "Adly,A"]
[Black "Ezat,M"]
[Result "1-0"]
[WhiteElo "2209"]
[BlackElo "2332"]
[EventDate "2001.05.02"]

1. d4 Nf6 2. Nf3 g6 3. e3 Bg7 4. Be2 O-O 5. O-O d6 6. b3 e5 7. Bb2 Nc6 8.
c4 h6 9. Nc3 exd4 10. exd4 Nh5 11. Qd2 g5 12. d5 Nb4 13. a3 Na6 14. Nxg5
Qxg5 15. Qxg5 hxg5 16. Bxh5 Nc5 17. Ra2 Nxb3 18. Nb5 Bd7 19. Bxg7 Kxg7 20.
Nxc7 Rac8 21. Nb5 Rxc4 22. Nxd6 Rh4 23. Bd1 Nc5 24. Bc2 Rfh8 25. h3 g4 26.
Kh2 R8h6 27. Nf5+ Bxf5 28. Bxf5 gxh3 29. g4 Rd6 30. Rd2 Rh8 31. Rfd1 Kf6
32. f4 Re8 33. Bc2 Re3 34. g5+ Kg7 35. f5 f6 36. g6 Nd7 37. Rc1 Rc3 38. Rb1
b6 39. Rb3 Rxb3 40. Bxb3 Ne5 41. Kxh3 Nf3 42. Rd3 Ng5+ 43. Kg4 b5 44. Rc3
a5 45. Rc7+ Kh6 46. Rc6 Rd7 47. Rxf6 Ne4 48. Re6 Nc5 49. Re3 Kg7 50. Kg5
Kf8 51. f6 Nxb3 52. g7+ Kf7 53. Re8 1-0

[Event "Golden Cleopatra Open"]
[Site "Cairo EGY"]
[Date "2001.05.06"]
[Round "5"]
[White "Frhat,A"]
[Black "Abou el Zein,E"]
[Result "1/2-1/2"]
[WhiteElo "2306"]
[BlackElo "2330"]
[EventDate "2001.05.02"]

1. e4 c5 2. Nf3 Nc6 3. d4 cxd4 4. Nxd4 Nf6 5. Nc3 e5 6. Ndb5 d6 7. Bg5 a6
8. Na3 b5 9. Bxf6 gxf6 10. Nd5 Bg7 11. c3 f5 12. Bd3 Ne7 13. Nxe7 Qxe7 14.
Nc2 f4 15. a4 bxa4 16. Rxa4 O-O 17. O-O Bb7 18. Qe2 f5 19. f3 fxe4 20. fxe4
a5 21. Kh1 Kh8 22. Ne1 Qe8 23. Ra1 Bf6 24. Nf3 Qg6 25. Rad1 Bd8 26. Rfe1
Bc8 27. Bc4 Ra7 28. Qf2 Rg7 29. Rd2 Bg4 30. b4 Rc7 31. Qe2 axb4 32. cxb4
Rb7 33. Red1 Bc7 34. b5 Qh6 35. Qd3 Rbb8 36. Ra1 Qh5 37. Ra6 Qe8 38. Ng5
Qe7 39. Nf3 Rf6 40. Ra7 Qd8 41. Ng5 Bd7 42. Nf7+ Rxf7 43. Bxf7 Bxb5 44. Qf3
Ba5 45. Bg6 Be8 46. Bxe8 Bxd2 47. Rxh7+ Kxh7 48. Qh5+ 1/2-1/2

[Event "Golden Cleopatra Open"]
[Site "Cairo EGY"]
[Date "2001.05.06"]
[Round "5"]
[White "Elgabry,M"]
[Black "Abdel Aziem,R"]
[Result "1-0"]
[WhiteElo "2328"]
[BlackElo "2269"]
[EventDate "2001.05.02"]

1. b3 e5 2. Bb2 Nc6 3. e3 d6 4. d4 Nf6 5. Nf3 e4 6. Nfd2 Bg4 7. Qc1 Be7 8.
h3 Bh5 9. a3 O-O 10. c4 Bg6 11. Nc3 Re8 12. Ne2 Bf8 13. Qc2 Ne7 14. g4 d5
15. Nf4 dxc4 16. bxc4 c6 17. Be2 Qd7 18. g5 Nfd5 19. cxd5 cxd5 20. Qb3 a6
21. a4 Bf5 22. Ba3 Red8 23. Rb1 Rab8 24. h4 Nc6 25. Bxf8 Kxf8 26. Qb6 Kg8
27. Nb3 Qd6 28. Nc5 Nxd4 29. Qxd6 Nc2+ 30. Kd2 Rxd6 31. Nxb7 Rd7 32. Nc5
1-0

[Event "Golden Cleopatra Open"]
[Site "Cairo EGY"]
[Date "2001.05.06"]
[Round "5"]
[White "Yousry,S"]
[Black "Georg,Ma"]
[Result "1/2-1/2"]
[WhiteElo "2274"]
[BlackElo "2277"]
[EventDate "2001.05.02"]

1. e4 e6 2. d4 d5 3. exd5 exd5 4. Nf3 Nc6 5. Bb5 a6 6. Bxc6+ bxc6 7. O-O
Bd6 8. c4 dxc4 9. Re1+ Ne7 10. Nbd2 O-O 11. Nxc4 Ng6 12. Bg5 f6 13. Qb3 Kh8
14. Bd2 Bg4 15. h3 Rb8 16. Qd3 Bd7 17. Nxd6 cxd6 18. Qxa6 Rxb2 19. Bc3 Rb5
20. Rab1 Rh5 21. Bb4 Rd5 22. Bd2 h6 23. Qa7 Rb5 24. Rxb5 cxb5 25. Bb4 Bc6
26. Qa3 Qd7 27. Qe3 Qf7 28. Bxd6 Re8 29. Qc3 Rxe1+ 30. Nxe1 Qd5 31. Bg3 Qe4
32. f3 Qe6 33. a3 Ne7 34. Qc5 Nf5 35. Bf2 Qd7 36. Nd3 Bd5 37. Nf4 Bf7 38.
g4 Ne7 39. Kg2 Kg8 40. Be1 Nd5 1/2-1/2

[Event "Golden Cleopatra Open"]
[Site "Cairo EGY"]
[Date "2001.05.07"]
[Round "6"]
[White "Kasparov,S"]
[Black "Marin,M"]
[Result "1/2-1/2"]
[WhiteElo "2456"]
[BlackElo "2601"]
[EventDate "2001.05.02"]

1. e4 d6 2. d4 Nf6 3. Nc3 g6 4. g3 Bg7 5. Bg2 O-O 6. Nge2 e5 7. O-O exd4 8.
Nxd4 Nc6 9. Nde2 Re8 10. h3 Bd7 11. g4 Rb8 12. Ng3 1/2-1/2

[Event "Golden Cleopatra Open"]
[Site "Cairo EGY"]
[Date "2001.05.07"]
[Round "6"]
[White "Barsov,A"]
[Black "Velicka,P"]
[Result "1/2-1/2"]
[WhiteElo "2519"]
[BlackElo "2451"]
[EventDate "2001.05.02"]

1. d4 Nf6 2. c4 c5 3. d5 e6 4. Nc3 exd5 5. cxd5 d6 6. e4 g6 7. Nf3 Bg7 8.
h3 O-O 9. Bd3 b5 10. Nxb5 Re8 11. Nd2 Nxe4 12. Bxe4 Ba6 13. Qb3 c4 14. Qxc4
Qa5 15. a4 Bxb5 16. Qxb5 Rxe4+ 17. Kd1 Qxb5 18. axb5 Rb4 19. Re1 Nd7 20.
Re7 Nb6 21. Raxa7 Rxa7 22. Rxa7 Bxb2 23. Rb7 Rxb5 24. Ne4 Rxd5+ 25. Kc2
Bxc1 26. Nf6+ Kg7 27. Nxd5 Nxd5 28. Kxc1 Nf4 29. Kd2 Nxg2 30. Rb4 h5 31. h4
Kf6 32. Ke2 Ke5 33. Kf3 1/2-1/2

[Event "Golden Cleopatra Open"]
[Site "Cairo EGY"]
[Date "2001.05.07"]
[Round "6"]
[White "Fominyh,A"]
[Black "Roeder,M"]
[Result "1/2-1/2"]
[WhiteElo "2571"]
[BlackElo "2459"]
[EventDate "2001.05.02"]

1. d4 Nf6 2. Nf3 g6 3. c4 Bg7 4. g3 O-O 5. Bg2 d6 6. O-O c6 7. Nc3 Qa5 8.
e4 Bg4 9. h3 Bxf3 10. Bxf3 Nbd7 11. Rb1 c5 12. d5 a6 13. Be2 Qc7 14. Bf4
Ne5 15. Be3 e6 16. f4 Ned7 17. dxe6 fxe6 18. Qd2 Rad8 19. Kh2 Nb8 20. f5
Nc6 21. Rbd1 Nd4 22. Bd3 Kh8 23. Qg2 Nd7 24. Ne2 Nxe2 25. Qxe2 Ne5 26. h4
Nxd3 27. Qxd3 exf5 28. exf5 Rxf5 29. Rxf5 gxf5 30. b3 Qd7 31. Rf1 Re8 32.
Bg5 h6 33. Rxf5 Re2+ 34. Qxe2 Qxf5 35. Bf4 d5 36. cxd5 1/2-1/2

[Event "Golden Cleopatra Open"]
[Site "Cairo EGY"]
[Date "2001.05.07"]
[Round "6"]
[White "Komarov,D"]
[Black "El Ghazali,Y"]
[Result "1-0"]
[WhiteElo "2539"]
[BlackElo "2343"]
[EventDate "2001.05.02"]

1. d4 Nf6 2. Nf3 g6 3. c4 Bg7 4. Nc3 d5 5. cxd5 Nxd5 6. e4 Nxc3 7. bxc3 c5
8. Rb1 O-O 9. Be2 Nc6 10. d5 Ne5 11. Nxe5 Bxe5 12. Qd2 Qa5 13. Rb3 Bd7 14.
f4 Bg7 15. c4 Qxd2+ 16. Bxd2 Ba4 17. Rxb7 Rfb8 18. Rxb8+ Rxb8 19. Bd1 Rb1
20. Ke2 Bd4 21. Re1 Bxd1+ 22. Rxd1 Rb2 23. a4 Ra2 24. a5 Bc3 25. Ke3 Ra3
26. Bxc3 Rxc3+ 27. Rd3 Rxc4 28. e5 Kf8 29. Rb3 Rd4 30. Rb8+ Kg7 31. Rb7
Rxd5 32. Rxe7 c4 33. Rc7 Rxa5 34. e6 Ra6 35. exf7 Rf6 36. Rxa7 Rxf7 37.
Rxf7+ Kxf7 38. g4 Ke6 39. Kd4 h5 40. h3 hxg4 41. hxg4 Kd6 42. Kxc4 Kc6 43.
Kd4 Kd6 44. Ke4 Ke6 45. g5 Kd6 46. f5 Ke7 47. f6+ Ke6 48. Kd4 Kf7 49. Kd5
Kf8 50. Ke5 Ke8 51. f7+ Kf8 52. Kd6 Kxf7 53. Kd7 Kf8 54. Ke6 Kg7 55. Ke7
Kg8 56. Kf6 Kh7 57. Kf7 Kh8 58. Kxg6 Kg8 59. Kf6 Kh7 60. Kf7 Kh8 1-0

[Event "Golden Cleopatra Open"]
[Site "Cairo EGY"]
[Date "2001.05.07"]
[Round "6"]
[White "Surjadnji,A"]
[Black "Adly,A"]
[Result "1-0"]
[WhiteElo "2431"]
[BlackElo "2209"]
[EventDate "2001.05.02"]

1. d4 d5 2. c4 e6 3. Nf3 Be7 4. Nc3 c6 5. e4 dxe4 6. Nxe4 Nf6 7. Bd3 Nbd7
8. O-O O-O 9. Qe2 b6 10. Bf4 Ba6 11. Rad1 Qc8 12. Nd6 Qb8 13. Nf5 Qd8 14.
Nxe7+ Qxe7 15. Rfe1 Rfe8 16. Ne5 c5 17. Nc6 Qf8 18. dxc5 Qxc5 19. Ne5 Nf8
20. b3 Bb7 21. Qe3 Qxe3 22. Bxe3 Ng6 23. Nxg6 hxg6 24. f3 Rac8 25. Bb1 e5
26. Bg5 Bc6 27. Rd6 Nh7 28. Bh4 Nf8 29. Bf2 f6 30. a4 Re7 31. Bc2 Kf7 32.
b4 Bd7 33. c5 bxc5 34. Bxc5 Be6 35. Ra6 Rd7 36. Be4 Rcc7 37. Bc6 Bc4 38. b5
Rd2 39. Rxa7 Rxa7 40. Bxa7 Ne6 41. Be3 Rb2 42. Rc1 Ba2 43. a5 Nc7 44. b6
Na6 45. Bb7 Nb4 46. a6 Bd5 47. Bxd5+ 1-0

[Event "Golden Cleopatra Open"]
[Site "Cairo EGY"]
[Date "2001.05.07"]
[Round "6"]
[White "Rahman,Ye"]
[Black "El Arousy,A"]
[Result "1-0"]
[WhiteElo "2267"]
[BlackElo "2370"]
[EventDate "2001.05.02"]

1. d4 Nf6 2. c4 e6 3. Nc3 d5 4. cxd5 exd5 5. Bg5 c6 6. Qc2 Be7 7. e3 Nbd7
8. Bd3 O-O 9. Nf3 Re8 10. O-O Nf8 11. Rae1 a5 12. Ne5 Ng4 13. Bxe7 Qxe7 14.
f4 f6 15. Nxg4 Bxg4 16. h3 Bh5 17. f5 Qd6 18. Qf2 Rad8 19. Kh1 Kh8 20. g4
Bf7 21. Rg1 Nd7 22. Ne2 Qb4 23. Nf4 c5 24. g5 fxg5 25. Rxg5 cxd4 26. Reg1
dxe3 27. Qg3 Qxb2 28. f6 Nxf6 29. Rxg7 Rg8 30. Qg5 Ne4 31. Rxh7+ 1-0

[Event "Golden Cleopatra Open"]
[Site "Cairo EGY"]
[Date "2001.05.07"]
[Round "6"]
[White "Abdel Razik,K"]
[Black "Mahdi,K"]
[Result "1/2-1/2"]
[WhiteElo "2365"]
[BlackElo "2354"]
[EventDate "2001.05.02"]

1. d4 Nf6 2. c4 c5 3. d5 g6 4. Nc3 Bg7 5. Nf3 d6 6. g3 O-O 7. Bg2 Na6 8.
O-O Nc7 9. e4 Rb8 10. a4 a6 11. Qe2 Nfe8 12. h3 b5 13. e5 bxc4 14. Qxc4 Rb4
15. Qe2 Bb7 16. Rd1 Qa8 17. Ne1 Rd4 18. Bg5 f6 19. exf6 exf6 20. Be3 Rxd1
21. Rxd1 f5 22. Bxc5 dxc5 23. d6 Nxd6 24. Rxd6 Re8 25. Qd1 Bxg2 26. Nxg2
Qb7 27. Rd7 Qc6 28. Ne3 Bd4 29. Qb3+ Qe6 30. Qxe6+ Nxe6 31. Ned5 Ng5 32.
Kg2 Rb8 33. h4 Ne6 1/2-1/2